000 00382nam a2200145Ia 4500
008 100204s9999 xx 000 0 und d
082 _b22698
100 _aENID BLYTONICH
245 _aFIVE GO TO SMUGGLER'S TOP
260 _b"HHOLDER & STOUGHTON, LONDON"
_c1982
300 _a184
630 _aFIVE GO TO SMUGGLER'S TOP
730 _aFIVE GO TO SMUGGLER'S TOP
942 _cBOOK
999 _c467802
_d467799